Facultad de Derecho – Universidad Nacional de Mar del Plata

Teoría del Estado (Record no. 4091)

MARC details
000 -CABECERA
campo de control de longitud fija 00535nam a22001577a 4500
020 ## - NUMERO INTERNACIONAL NORMALIZADO PARA LIBROS (ISBN)
International Standard Book Number 9789870326137
080 ## - NUMERO DE CLASIFICACION DECIMAL UNIVERSAL (CDU)
Número de la Clasificación Decimal Universal 342.2 T 265
100 ## - ASIENTO PRINCIPAL--NOMBRE PERSONAL
Nombre personal Balerdi, Juan Carlos (coordinador)
245 ## - MENCION DE TITULO
Título propiamente dicho Teoría del Estado
Parte restante del título Miradas desde el sur del continente americano
260 ## - PUBLICACION, DISTRIBUCION, ETC. (PIE DE IMPRENTA)
Lugar de publicación, distribución, etc. Ciudad Autónoma de Buenos Aires
Nombre del editor, distribuidor, etc. La Ley
Fecha de publicación, distribución, etc. 2013
300 ## - DESCRIPCION FISICA
Extensión 240 p.
650 ## - ASIENTO SECUNDARIO DE MATERIA - TERMINO TEMATICO
Subdivisión general teoría del estado
-- anarquismo
-- teorías del contrato social
-- derecho político
-- Carl Schmitt
700 ## - ASIENTO SECUNDARIO - NOMBRE PERSONAL
Nombre personal Peri Guedes, Marco Aurelio
945 ## - INFORMACION DE PROCESAMIENTO LOCAL
Responsable de carga/modificación Sabrina Cecilia Abram
AAAA-MM-DD - Fecha de ingreso/modificación 2015-07-01
942 ## - ELEMENTOS AGREGADOS (KOHA)
Clasificación normalizada de Koha para alfabetizar _
Holdings
Retirado Perdido Dañado No se presta Ubicación permanente Locación actual Estante o sala Fecha de adquisición Total préstamos Signatura topográfica Inventario Ultima fecha vista Fecha del precio Tipo de item de Koha
        Bib. Derecho Bib. Derecho Sala de Lectura 01/07/2015   342.2 T 265 202963 01/07/2015 01/07/2015 LIBRO (Consulta)

XHTML | CSS | ©Biblioteca Central - Dto. Tecnología de la Información - [ Con tecnología Koha ]